01659nam a22003377a 4500003000400000005001700004008004100021040002200062082001500084100003200099245005800131260005300189300002000242366000800262490001200270505015800282505004200440505005000482505006800532505009100600505023500691505004300926505005500969650004401024650004601068650004301114650004301157650004101200650004401241700003601285OSt20230608105355.0221006b |||||||| |||| 00| 0 eng d cBiblioteca Lado V a800bG984r aGutierrez, Rafaeledirector aRevista de la Universidad de San Carlos de Guatemala/ aImpreso en Litografía Llerenac2003bGuatemala c21.5x27cma85p. espa a3v2003 tEnsayosaSobre la traducción de algunos títulos Tito y la estrella polar El cuento mas corto del mundo El dialogo del estilo y la imagen Zapping  tLetrasaPoemas Relato Relato Prosa tDebateaEl destino de los vencidos (epilogo)  tArteaLuis Gonzalez Palma: Nupcias con la soledad Obra el arte tComentariosaDame mas tiempo vida La pequeña Burguesia Indigena comercial Guatemala tTrapichea1er, Encuentro de Poetas Nicaragüenses y Costarricenses Epístola a los poetas de la frontera Costa Rica y Nicaragua Poesía del encuentro Conclusiones Cuento: Liudmila Poesía: Carta a Piero della Francesca  tADUANAaLibros Revistas y Suplementos tA la ticaaEl ambiente tico y los mitos tropicales 2Tesauro de Arte & ArquitecturaaENSAYOS 2Tesauro de Arte & ArquitecturaaNARRATIVA 2Tesauro de Arte & ArquitecturaaDEBATE 2Tesauro de Arte & ArquitecturaaPOESIA 2Tesauro de Arte & ArquitecturaaARTE 2Tesauro de Arte & ArquitecturaaCULTURA aNavarreta, Jose Antonioeeditor